Anuario estadístico del sector agropecuario 2001 : (Registro nro. 5233)

Detalles MARC
000 -CABECERA
Campo de control 00875nam a2200229 a 4500
005 - FECHA Y HORA DE LA ULTIMA TRANSACCION
Campo de control 20200121064128.0
008 - ELEMENTOS DE LONGITUD FIJA—INFORMACION GENERAL
Campo de control 140226s2002 ck abd fr||||o00| 0 spa d
040 ## - FUENTE DE CATALOGACIÓN
Agencia catalogadora original CO-BoIAVH
Agencia transcriptora CO-BoIAVH
041 0# - IDIOMA
Código de idioma para texto/pista de sonido o título separado Español
044 ## - PAÍS DE PUBLICACIÓN
País de publicación Colombia
082 04 - NUMERO DE CLASIFICACION DECIMAL DEWEY
Número de clasificación 318.61
Número del ítem M66a2001
110 2# - ASIENTO PRINCIPAL--NOMBRE CORPORATIVO
Nombre corporativo o de jurisdicción como elemento de entrada Colombia
Unidad subordinad Ministerio de Agricultura y Desarrollo Rural
9 (RLIN) 6763
245 10 - MENCION DE TITULO
Título Anuario estadístico del sector agropecuario 2001 :
Parte restante del título En defensa del empleo rural
Mención de responsabilidad Ministerio de agricultura y desarrollo rural
260 ## - PUBLICACION, DISTRIBUCION, ETC. (PIE DE IMPRENTA)
Lugar de publicación, distribución, etc. Bogotá :
Nombre del editor, distribuidor, etc. Ministerio de Agricultura y Desarrollo Rural,
Fecha de publicación, distribución, etc. 2002.
300 ## - DESCRIPCION FISICA
Extensión 209 páginas
Otros detalles físicos Ilustraciones, mapas, gráficos, tablas
Dimensiones 27.4 x 21.3 cm.
650 #6 - ASIENTO SECUNDARIO DE MATERIA - TERMINO TEMATICO
Término temático o nombre geográfico como elemento de entrada Sector agropecuario
9 (RLIN) 54776
650 #4 - ASIENTO SECUNDARIO DE MATERIA - TERMINO TEMATICO
Término temático o nombre geográfico como elemento de entrada Anuario
Subdivisión general Estadístico
9 (RLIN) 54777
650 #6 - ASIENTO SECUNDARIO DE MATERIA - TERMINO TEMATICO
Término temático o nombre geográfico como elemento de entrada Producción agrícola sostenible
9 (RLIN) 9215
650 #6 - ASIENTO SECUNDARIO DE MATERIA - TERMINO TEMATICO
Término temático o nombre geográfico como elemento de entrada Cosecha
9 (RLIN) 54778
650 #6 - ASIENTO SECUNDARIO DE MATERIA - TERMINO TEMATICO
Término temático o nombre geográfico como elemento de entrada Comercio exterior
9 (RLIN) 10964
942 ## - ELEMENTOS ADICIONALES (KOHA)
Tipo de ítem Libro
Sistema de clasificación Dewey Decimal Classification
Existencias
Withdrawn status Lost status Sistema de Clasificación Damaged status No para préstamo Colección Ubicación Permanente Ubicación actual Fecha de adquisición Total Checkouts Número topográfico Inventario / Código de Barras Date last seen Ejemplar Price effective from Forma de adquisición Tipo de material Inventariado
    Dewey Decimal Classification     General Bogotá Bogotá 15/07/2005   LB-318.61 M66a2001 004828 04/12/2012 Ej.1 04/12/2012 Donación Libro  
    Dewey Decimal Classification     General Sala Fabio Quevedo Sala Fabio Quevedo 17/06/2016   LB-657.863 M66a 040457 17/06/2016 Ej. 2 17/06/2016 Donación Libro Inventariado 2017